Japanese Katakana Quiz Stats

 Plays Quiz Updated Dec 7, 2020

     
Support Sporcle.
Go Orange.
Score 0/45 Timer 05:00
417 Plays Today
Katakana English Syllable % Correct
ka
92.5%
a
91.9%
ki
91.8%
e
91.4%
he
91.3%
i
91.2%
ri
90.7%
o
89.9%
shi
89.8%
ni
89.8%
u
89.3%
ko
89.2%
to
89%
sa
88.5%
tsu
88.4%
n
88.3%
mi
87.9%
se
87.2%
ya
87.1%
ha
86.8%
ro
86.8%
su
86.5%
no
85.7%
Katakana English Syllable % Correct
ku
85.3%
ho
85.2%
te
84.9%
mu
84.5%
ke
84.5%
ta
84.2%
so
84.2%
me
84.1%
yo
84.1%
ru
84%
mo
83%
ma
83%
chi
82.2%
ra
82.2%
yu
81.7%
ne
81.5%
hi
81.3%
na
81.1%
re
80.4%
fu
80.1%
wa
79.5%
nu
75.2%

From the Vault

NFL Hall of Fame QBs in the Super Bowl

by cdhmiamifan13

Sports 2m
They might not have literally collided, unless you count a handshake.
Remove Ads.
Support Sporcle.
Get the best of Sporcle when you Go Orange. This ad-free experience offers more features, more stats, and more fun while also helping to support Sporcle. Thank you for becoming a member.

Show Comments

Extras

Top Quizzes Today


Score Distribution

Your Account Isn't Verified!

In order to create a playlist on Sporcle, you need to verify the email address you used during registration. Go to your Sporcle Settings to finish the process.

Report this User

Report this user for behavior that violates our Community Guidelines.

Details: